Hindiyilēykkȧ. (Record no. 72587)
[ view plain ]
| 000 -LEADER | |
|---|---|
| fixed length control field | 00593cam a22002291 4500 |
| 001 - CONTROL NUMBER | |
| control field | sa 67001384 |
| 003 - CONTROL NUMBER IDENTIFIER | |
| control field | DLC |
| 005 - DATE AND TIME OF LATEST TRANSACTION | |
| control field | 20260227112322.0 |
| 008 - FIXED-LENGTH DATA ELEMENTS--GENERAL INFORMATION | |
| fixed length control field | 881102s1965 xx 000 0 hino |
| 010 ## - LIBRARY OF CONGRESS CONTROL NUMBER | |
| LC control number | sa 67001384 |
| 035 ## - SYSTEM CONTROL NUMBER | |
| System control number | (OCoLC)23539313 |
| 040 ## - CATALOGING SOURCE | |
| Original cataloging agency | DLC |
| Transcribing agency | MiU |
| Modifying agency | DLC |
| 042 ## - AUTHENTICATION CODE | |
| Authentication code | premarc |
| 050 00 - LIBRARY OF CONGRESS CALL NUMBER | |
| Classification number | PK1939 |
| Item number | .R3 |
| 100 2# - MAIN ENTRY--PERSONAL NAME | |
| Personal name | Raman Nair, N. |
| 245 10 - TITLE STATEMENT | |
| Title | Hindiyilēykkȧ. |
| 260 ## - PUBLICATION, DISTRIBUTION, ETC. | |
| Place of publication, distribution, etc. | [Kothamangalam? |
| Date of publication, distribution, etc. | 1965] |
| 300 ## - PHYSICAL DESCRIPTION | |
| Extent | 216, iv p. |
| Dimensions | 18 cm. |
| 500 ## - GENERAL NOTE | |
| General note | Romanized. |
| 650 #0 - SUBJECT ADDED ENTRY--TOPICAL TERM | |
| Topical term or geographic name entry element | Hindi language |
| General subdivision | Textbooks for foreign speakers |
| -- | Malayalam. |
| 740 0# - ADDED ENTRY--UNCONTROLLED RELATED/ANALYTICAL TITLE | |
| Uncontrolled related/analytical title | Hindī kī ora. |
No items available.